header

Other Germans (Record no. 20399)

MARC details
000 -LEADER
fixed length control field 01525nam a2200349Ia 4500
100 1# - MAIN ENTRY--AUTHOR NAME
Personal name Campt, Tina,
245 10 - TITLE STATEMENT
Title Other Germans
260 ## - PUBLICATION, DISTRIBUTION, ETC. (IMPRINT)
Place of publication Ann Arbor :
Name of publisher University of Michigan,
Year of publication c2004.
300 ## - PHYSICAL DESCRIPTION
Number of Pages x, 283 p.
490 1# - SERIES STATEMENT
Series statement Social history, popular culture, and politics in Germany
650 #0 - SUBJECT ADDED ENTRY--TOPICAL TERM
Topical Term Africans
Topical Term Blacks
Topical Term World War, 1939-1945
856 40 - ELECTRONIC LOCATION AND ACCESS
Uniform Resource Identifier http://site.ebrary.com/lib/rucke/Doc?id=10277719

No items available.

© 2026 Rongo University
Contact us: librarian | system librarian | Rongo university